000 01243cam a2200385 a 4500
001 4687
003 FISKH
005 20250827145701.0
008 970219s1997 nyua b 000 0 eng
010 _a 97006010
020 _a0590372238 (alk. paper)
020 _a078073003990
020 _a078073003990
040 _aDLC
_cDLC
_dDLC
_beng
050 _aSB363.M35
082 _a634.11
100 1 _aMarzollo, Jean.
245 1 0 _aI am an apple /
_cby Jean Marzollo ; illustrated by Judith Moffat.
260 _aNew York :
_bScholastic,
_c1997.
300 _a30 unnumbered pages ;
_bcolor illustrations ;
_c23 cm
440 0 _aHello science reader!
_nLevel 1
500 _a"Cartwheel books."
505 _aF
520 _aDepicts a bud on an apple tree as it grows into an apple, ripens, is harvested, and provides seeds as a promise for the future.
521 8 _a310
_bLexile
521 8 _aF
_bRaz-Plus
650 0 _aApples
_xJuvenile literature.
650 0 _aApples
_xLife cycles
_xJuvenile literature.
650 1 _aApples.
650 1 _aRose family (Plants)
700 1 _aMoffatt, Judith,
_eillustrator
906 _a7
_bcbc
_corignew
_d1
_eocip
_f19
_gy-gencatlg
942 _2ddc
_cBK
_n0
999 _c4687
_d4687